LEADER 01277nam a2200277 u 4500 001 000000057671 003 CaOOAMICUS 005 20070226120616.0 008 010515s1988 ilu u000 u eng u 020 $a0226320685 035 $a10888821 040 $aPUL(R)$bita 100 1 $aHayek, Friedrich A.,$d1899-1992.$0(OLS)http://pul/name/14948 245 14$aThe Collected Works of F.A. Hayek.$n1,$pThe Fatal Conceit :$bthe Errors of Socialism /$cF.A. Hayek ; ed. by W.W. Bartley. 260 $aChicago :$bUniversity of Chicago Press,$c1989. 300 $a180 p. ;$c23 cm 500 $aContiene indici. 650 4$aSocialismo.$0(OLS)http://pul/subject/3492 650 4$aMaterialismo storico.$0(OLS)http://pul/subject/7205 700 1 $aBartley, William Warren III.$0(OLS)http://pul/name/40205 850 $aPUL 852 $aPUL$W1$xSL Religione 2$y84$mRH D4 184$j75391$nBK-PRI$b $qStampati altre collocazioni$B75391$CPULBib$Z2$F75391 $H $81 941 1 $a10 996 $6020$a0226320685$9(OLS)http://pul/number/72901 996 $6245$aThe Collected Works of F.A. Hayek.$n1,$pThe Fatal Conceit :$bthe Errors of Socialism$9(OLS)http://pul/title/77215 996 $6260$aChicago :$bUniversity of Chicago Press$9(OLS)http://pul/publisher/51878 LEADER 00987nam a2200265 a 4500 001 000000136298 003 CaOOAMICUS 005 20131118133434.0 008 131118s1954 it a u000 u ita r 040 $aPUL$bita 041 1 $aita$hfre 100 1 $aDaudet, Alphonse,$d1840-1897.$0(OLS)http://pul/name/37799 240 10$aTartarin de Tarascon.$lItaliano.$0(OLS)http://pul/title/172399 245 10$aTartarin di Tarascona /$cAlfono Daudet. 260 $aFirenze :$bVallecchi,$c1954. 300 $a249 p. :$bill. ;$c17 cm 490 1 $aBiblioteca ;$v03 830 0$aBiblioteca (Vallecchi) ;$v03.$0(OLS)http://pul/title/166851 850 $aPUL 852 $aPUL$W1$xDP1 Fondo E. Rossi$y115$m2 C 40$j115495$qFondi$B156486$CPULBib$Z2$F156486 $82 941 1 $a1 961 $aSul dorso collocazione ms. di E. Rossi: III 27 996 $6245$aTartarin di Tarascona$9(OLS)http://pul/title/172398 996 $6260$aFirenze :$bVallecchi$9(OLS)http://pul/publisher/47977